000 01215nam a2200229Ia 4500
003 Ost
005 20260507075201.0
008 260507s9999||||xx |||||||||||||| ||und||
040 _cfsecg
041 _aara
082 _a330
100 _aآل شبيب، دريد كامل
_eمؤلف
245 0 _aإدارة المحافظ الاستثمارية /
_c دريد كامل آل شبيب
260 _aعمان:
_bدار المسيرة,
_c2010
300 _a224 صفحة؛
_bإيضاحات ؛
_c24 سم
504 _aمراجع ص.221(اقتناءات 2014 10ن)
520 _aمقدمة في المحافظ الاستثمارية ، نظرية و ادارة المحفظة الاستثمارية ، العائد و المخاطر ، قياس العائد و المخاطر في المحفظة ، تحليل بيئة الاستثمارات في المحفظة الاستثمارية ، تحليل المحفظة الاستثمارية ، نماذج المحافظ الاستثمارية و أخيرا تقييم أداء المحافظ الاستثمترية .
653 _aالاستثمار المالي
653 _aالاستثمارات
653 _aالاقتصاد المالي
942 _cكتاب
999 _c43406
_d43406